Statistics for Hyderabad City Quiz

Click here to take the quiz!

General Stats

  • This quiz has been taken 51 times
    (40 since last reset)
  • The average score is 10 of 17

Answer Stats

HintAnswer% Correct
Most Spoken LanguagesTelugu
100%
Hyderabad's stateTelangana
94%
Urdu
81%
Famous food, rice cooked with meat/vegetables and spicesHyderabadi Biryani
78%
Current airportRajiv Gandhi International Airport
78%
Most famous landmarkCharminar
75%
Title of the above kingdom's rulerNizam
75%
Film industry based in HyderabadTollywood
72%
Large fort on the outskirts of the cityGolconda Fort
63%
Former airportBegumpet Airport
56%
City's nickname, once a famous exportCity of {Pearls}
53%
Notable museum, largest in India and one of the largest in the worldSalar Jung Museum
47%
Kingdom it was once the capital ofHyderabad
41%
Famous export of the fortDiamonds
31%
Most famous of the aboveKohinoor
31%
Former airlines headquartered in the aboveDeccan Airways
25%
Last ruler of the kingdom, once the richest person in the worldMir Osman Ali Khan
25%

Score Distribution

Percentile by Number Answered

Percent of People with Each Score

Your Score History

You have not taken this quiz since the last reset